Teora̕ de la justicia e idea del derecho en Aristt̤eles

Detalles Bibliográficos
Autor principal: Soto, Lus̕ G.
Formato: eBook
Lenguaje:español
Publicado: Madrid: Marcial Pons, 2011
Materias:
Acceso en línea:Acceso restringido

MARC

LEADER 00000nam a22000007a 4500
005 20180313221942.0
007 cr|||| ||||
008 180313s2011 es |||||s|||| 00||0 spa d
020 |a 978-84-9123-369-5 
035 |a 21059 
040 |a vLex 
090 |c 7475  |d 7475 
100 1 |a Soto, Lus̕ G. 
245 1 0 |a Teora̕ de la justicia e idea del derecho en Aristt̤eles  |h [Recurso electrn̤ico] /  |c Lus̕ G. Soto 
256 |a Servicio en ln̕ea 
260 |a Madrid:  |b Marcial Pons,  |c 2011 
300 |a 1 recurso electrn̤ico 
500 |a Siguiendo los pasos —el mťodo e incluso el modelo— de Barthes, se abordan las cuestiones de la justicia y el Derecho en el pensamiento de Aristt̤eles. Se comienza enmarcando el asunto, seąlando el contexto, trazando dos cr̕culos concňtricos: la biografa̕ conocida y la obra conservada del fils̤ofo. Centrada la cuestin̤, se procede al ±anl̀isis e interpretacin̤» de cuatro textos, aquellos en los que se mencionan, tematizan y sistematizan la justicia y el Derecho y otros třminos relacionados (por ejemplo, ley, constitucin̤, derechos, etc.): Retr̤ica, Constitucin̤ de Atenas, Polt̕ica y Ética Nicomq̀uea. El trabajo consiste en rastrear y localizar esos třminos, y detectar y examinar las relaciones que el fils̤ofo establece entre ellos, as ̕como las aplicaciones que realiza de los mismos. A partir de ah,̕ se presentan unos ±resultados» y, de estos, se sacan unas ±conclusiones»: Aristt̤eles desarrolla una teora̕ —entendiendo teora̕ como visin̤— de la justicia y esboza una idea —entendiendo idea como imagen— del derecho. De esa teora̕ de la justicia se ofrece una visin̤ de conjunto, con elementos, si no nuevos, poco habituales. La idea del Derecho, por lo general poco estudiada, permite ofrecer otra perspectiva —una comprensin̤ diferente— de la filosofa̕ jurd̕ica de Aristt̤eles. Dicho esto con toda la prudencia y con el concurso de la bibliografa̕ reciente. 
506 1 |a Disponible solo en los productos indicados  |d vLex Global  |d vLex Global (Academic Edition, excluding Law Schools)  |d vLex Global (U.S. Academic Edition, Law Schools)  |d vLex Global (U.S. Academic Edition, excluding Law Schools)  |d vLex Global (Academic Edition, Law Schools) 
650 0 4 |a Derecho Civil  |z Espaą 
650 0 4 |a Ciencias sociales  |z Espaą 
650 0 4 |a Filosofa̕ y religin̤  |z Espaą 
740 0 |a vLex Libros (Servicio en ln̕ea) 
856 4 0 |u http://vlex.com/source/teoria-de-la-justicia-e-idea-del-derecho-en-aristoteles-21059  |z Acceso restringido 
942 |c BOOK 
999 0 |a Civil Law 
999 0 |a Social Sciences 
999 0 |a Philosophy and religion